=LDR 00000nam 2200000 4500 =001 INLIS000000000043627 =005 20131008103609 =008 ***********************************ind** =035 ##$$0010-101300000001549 =041 ##$$a ind =082 ##$$a 658.03 =090 ##$$a R 658.03, Kom e =100 ##$$a Komaruddin =245 ##$$a Ensiklopedia manajemen, Komaruddin =260 ##$$a 1979 $b Bandung =300 ##$$a x, 530 hlm, ilus, 21 cm =650 ##$$a Manajemen-Ensiklopedi =850 ##$$a NBPNMAT